000 00451cam a2200181ua 4500
020 _c10.00
041 _aeng
_h
082 _a629.24
_bABB/AU
100 _aAbbey, Station.
245 _aAutomobile Chassis Maintence and overhard /
_cStation Abbey.
_hTextual Documents
250 _a1 /
_b.
260 _a :
_b18A4C Pitmamm& Sons LTD ,
_c1949.
300 _a172 ; .
365 _a10.00
504 _a
942 _cBK
999 _c2773
_d2773